Methods of social research, (Record no. 72253)

MARC details
000 -LEADER
fixed length control field 00691cam a22002171 4500
001 - CONTROL NUMBER
control field sa 67000855
003 - CONTROL NUMBER IDENTIFIER
control field DLC
005 - DATE AND TIME OF LATEST TRANSACTION
control field 20260227112318.0
008 - FIXED-LENGTH DATA ELEMENTS--GENERAL INFORMATION
fixed length control field 740123s1966 ii 00010 eng
010 ## - LIBRARY OF CONGRESS CONTROL NUMBER
LC control number sa 67000855 //r88
025 ## - OVERSEAS ACQUISITION NUMBER
Overseas acquisition number PL480:I-E-7067
050 0# - LIBRARY OF CONGRESS CALL NUMBER
Classification number H62
Item number .T47
082 ## - DEWEY DECIMAL CLASSIFICATION NUMBER
Classification number 301.018
100 10 - MAIN ENTRY--PERSONAL NAME
Personal name Thoothi, Noshirwan Ardeshir.
245 10 - TITLE STATEMENT
Title Methods of social research,
Statement of responsibility, etc. [by] N. A. Thoothi.
260 0# - PUBLICATION, DISTRIBUTION, ETC.
Place of publication, distribution, etc. Bombay,
Name of publisher, distributor, etc. Popular Prakashan
Date of publication, distribution, etc. [1966]
300 ## - PHYSICAL DESCRIPTION
Extent 66 p.
Dimensions 23 cm.
350 ## - PRICE (NR) (BK AM CF MU VM SE) [OBSOLETE]
Price Rs9.50
500 ## - GENERAL NOTE
General note "Forms Part II (on method) of ... The Vaishnavas of Gujarat ... accepted for the D. Phil. of the Oxford University in 1924."
650 #0 - SUBJECT ADDED ENTRY--TOPICAL TERM
Topical term or geographic name entry element Social sciences
General subdivision Research.

No items available.

Powered by Koha